| 000 | 00503nam a22001575i 4500 | ||
|---|---|---|---|
| 001 | 68506 | ||
| 003 | ES-MaACL | ||
| 007 | t| | ||
| 008 | 960807s1891 phl ||||1| spa d | ||
| 040 |
_aCAM _bspa _cCAM |
||
| 100 | 1 |
_aGarin y Sociats, Arturo. _955563 |
|
| 245 | 1 | 0 |
_aCavite, Subig y Olongapó _b: memoria / _cpor Arturo Garin y Olongapó. |
| 260 |
_aManila : _b[s.n.], _c1891 ( _fEstab. tipo-litog. de Ramirez y Compañía) |
||
| 300 |
_a176 p., [1] h. de fot. ; _c21 cm. |
||
| 852 |
_aES-MaACL _jG-14104 |
||
| 999 |
_c68506 _d68506 |
||